000 00522nam a2200181Ia 4500
008 090123s9999 xx 000 0 und d
082 _b9959
_a891.463/आफळे
100 _aआफळे सुनिती
245 _aरिकामी
250 _a1
260 _bचैतन्य साहित्य
_c1983
300 _a156
600 _aआफळे सुनिती
630 _aरिकामी
700 _aआफळे सुनिती
730 _aरिकामी
942 _cBOOK
999 _c48025
_d48025